Video Games By Image A-Z #1 - Statistics

General Stats
  • This quiz has been taken 292 times
  • The average score is 10 of 26
Answer Stats
Picture Answer % Correct
Minecraft
93%
Tetris
84%
Overwatch
74%
Club Penguin
68%
Kingdom Hearts
61%
League Of Legends
59%
Undertale
59%
Jetpack Joyride
58%
Slime Rancher
56%
Resident Evil
52%
Assassin's Creed Origins
50%
Half-Life
48%
Wolfenstein 3D
48%
FNaF World
32%
Galaga
32%
Yo-Kai Watch
30%
Ninja Gaiden
28%
Ecco The Dolphin
22%
Duck Life 3: Evolution
20%
Viva Piñata
16%
Zuma's Revenge
16%
BattleBlock Theater
13%
I Am Fish
10%
Pokémon Ranger: Guardian Signs
2%
Q.U.B.E
2%
Xenon Racer
0%
No matching quizzes found
Score Distribution
Percent of People with Each Score
Percentile by Number Answered
Your Score History
You have not taken this quiz